书目信息 |
| 题名: |
歌德谈话录
|
|
| 作者: | 艾克曼 著 ;王君梅 译 | |
| 分册: | ||
| 出版信息: | 北京 人民文学出版社 2000 |
|
| 页数: | 369页 | |
| 开本: | 20cm | |
| 丛书名: | 中外二十大名著 | |
| 单 册: | ||
| 中图分类: | I516.6 | |
| 科图分类: | ||
| 主题词: | 文学 | |
| 电子资源: | ||
| ISBN: | 7-80648-515-5 | |
| 000 | 00716nam0 2200229 45 | |
| 001 | 0181020657 | |
| 005 | 20070714163300.75 | |
| 010 | @a7-80648-515-5@dCNY14.00 | |
| 100 | @a20810111d2000 km y0chiy0120 ea | |
| 101 | 0 | @achi@cger |
| 105 | @a z 000zy | |
| 200 | 1 | @a歌德谈话录@AGe De Tan Hua Lu@f(德)艾克曼著@F(de)ai ke man zhu@g王君梅译@Gwang jun mei yi |
| 210 | @a北京@c人民文学出版社@d2000 | |
| 215 | @a369页@d20cm | |
| 225 | 2 | @a中外二十大名著@f贺敬美主编 |
| 410 | 0 | @12001 @a中外二十大名著@1701 0@a贺敬美@Ahe jing mei@4主编 |
| 606 | 0 | @a文学 |
| 690 | @aI516.6@v3 | |
| 701 | 0 | @a艾克曼@Aai ke man@4著 |
| 702 | 0 | @a王君梅@Awang jun mei@4译 |
| 801 | @aCN@bTSTC@c20070714 | |
| 905 | @dI516.6@e104@f1@b7340 | |
| 歌德谈话录/(德)艾克曼著/王君梅译.-北京:人民文学出版社,2000 |
| 369页;20cm.-(中外二十大名著/贺敬美主编) |
| ISBN 7-80648-515-5:CNY14.00 |
| ● |
| 相关链接 |
|
|
|
|
正题名:歌德谈话录
索取号:I516.6/104
 
预约/预借
| 序号 | 登录号 | 条形码 | 馆藏地/架位号 | 状态 | 备注 |
| 1 | 0779121 | 207791219 | 第一样本阅览室/ [索取号:I516.6/104] | 在馆 |